Rozpoznaj grę po recenzji Steam 5 - Statystyki

Ogólne statystyki
  • Ten quiz został rozwiązany 9 razy
  • Średni wynik to 2 z 20
Statystyki odpowiedzi
Recenzja Tytuł Gry % Poprawnych
"270 godzin uciekania przed mordercą, 10 godzin spędzonym w Lobby." Dead by Daylight
71%
"gonisz jebanego daniela przez ponad 1h po czym znajdujesz go i nie trafiasz bo się bugguje i lata na boki jakby latał na dropsach polecam, zajebista gra" theHunter: Call of the Wild
57%
"Można nakazać dziecku pracę w kopalni. 11/10" Frostpunk
29%
"Wszystko, co mam, odziedziczyłem sam, a całą resztę osiągnąłem ciężką pracą własnych chłopów" Manor Lords
29%
"Dealer handcuffed me then shot himself in the head twice." Buckshot Roulette
14%
"Karcianka z niesamowitymi mechanikami.Takimi jak usunięcie systemu ... 10/10" Inscryption
14%
"My crewmate left a banana on the stove and we burned down." Sea of Thieves
14%
"i pissed into my oil tank and it blew up" The Long Drive
14%
"30min przygotowań do misji żeby w 5min zginąć od granatu swojego kolegi. polecam" Arma 3
0%
"I always liked games where you can do something you couldn't do in real life, like owning a home :)" Builder Simulator
0%
"Ugułem spoko, ale klatki są tak niestabilne jak główna bohaterka" Hellblade: Senua's Sacrifice
0%
"kozak jestem lordem i ciacham se głowy zajmuje miasta i lubią mnie obywatele" Mount & Blade II Bannerlord
0%
"Akademia pranków cheetos" Neighbours back From Hell
0%
"Catkiro™: I'll Die Atleast Twice" Nine Sols
0%
"Najlepszy symulator Lwowa" S.T.A.L.K.E.R. Shadow of Chernobyl
0%
"That's a weird looking dog" Stray
0%
"Just like real life, i'm bad at it." THE GAME OF LIFE 2
0%
"Amazing puzzles. Eerie atmosphere.
No Tommy Wiseau."
The Room
0%
"Husaria na niedźwiedziach" Total War: WARHAMMER III
0%
""Hey Ivan" Said one Russian kidnapper to another, "I think there is a guy in that room.", "Do not be foolish Boris", the other replied "The light is off, we can't go in there."10/10, Deep immersive realism" Welcome to the Game
0%
Nie znaleziono quizów pasujących do podanych kryteriów
Rozkład punktacji
Procent ludzi z każdym wynikiem
Percentyl według liczby udzielonych odpowiedzi
Twoja historia wyników
Nie rozwiązałeś tego quizu